Test de rapidité - - Statistiques

Statistiques générales
  • Ce quiz a été pris 209 fois
    141 depuis la dernière actualisation
  • Le résultat moyen est 52 sur 57
Statistiques - réponses
Hint Réponse % Correct
A A
100%
A A
98%
A A
98%
Z Z
98%
Z Z
98%
A A
97%
A A
97%
A A
97%
A A
97%
A A
97%
A A
97%
A A
97%
A A
97%
Z Z
97%
Z Z
97%
Z Z
97%
Z Z
97%
Z Z
97%
Z Z
97%
Z Z
97%
Z Z
97%
A A
96%
A A
96%
Z Z
96%
Z Z
96%
Z Z
95%
A A
94%
A A
92%
A A
92%
Z Z
92%
Z Z
92%
A A
91%
Z Z
91%
Z Z
90%
A A
88%
A A
88%
Z Z
88%
A A
87%
Z Z
87%
A A
86%
A A
86%
Z Z
86%
Z Z
86%
Z Z
85%
A A
84%
A A
84%
Z Z
84%
Z Z
82%
A A
81%
Z Z
79%
A A
78%
A A
77%
A A
77%
A A
77%
Z Z
77%
Z Z
77%
Z Z
77%
Aucun quiz correspondant
Distribution des résultats
% des personnes avec chaque résultat
Percentile par nombre de réponses
Votre historique - résultats
Vous n’avez pas pris ce quiz depuis la dernière actualisation